000 00707nam a2200265Ia 4500
003 OSt
005 20221006155733.0
006 a|||||r|||| 00| 0
007 ta
008 221006b |||||||| |||| 00| 0 kor d
020 _a9788987402659
_cW8500
024 _a43,338
037 _cTextual
040 _aEASL
_cEASL
_bkor
041 _2kor
_akor
082 _aO495,3N59, P6
100 _aJang Jeahwa
_9670203
245 0 _aGge Jumoni Beatsoke Chago Gyesunamue Gan Dalanotkoi
260 _aSeoul
_bNaratmal Korea
_c2006
300 _a177p.
_ccm.
490 _v KL
_aJojeon Ilgi
650 _aKL
942 _hO495,3N59, P6
_cTEXL
_2CC
999 _c1111424
_d1111424